000 00933nam a2200265 a 4500
001 BRCA_4288
005 20190320204620.0
008 230610s1915----nyua######---#000-0#eng-#
041 _aeng
044 _anyu
050 4 _aNK4320
_b.B37 1 1915
100 1 _aBarber, Edwin Atlee
_d1851-1916
_97296
245 1 0 _aSpanish Maiolica in the Collection of the Hispanic Society of America
_cEdwin Atlee Barber.
260 _aNueva York
_bHispanic Society of America
_c1915
300 _a150 p.
_bil. (algunas a color), 47 láminas
_c21 cm.
440 0 _aPublications of the Hispanic Society of America
_v91
_911037
500 _aEstado físico: encuadernación rota y lomo desprendido
500 _aEjemplar igual a M15 y al No. 91 de U72
500 _aCEF84
650 1 4 _aMayólica
_97298
650 1 4 _aCerámica
_vCatálogos
_zNueva York
_911038
650 1 4 _aCerámica española
_vCatálogos
_91350
902 _aGFM
942 _2lcc
_cB
999 _c3999
_d3999